Eiseignemts de 1ére Annee

Saved in:
Bibliographic Details
Format: Book
Language:Undetermined
Published: Paris Institut National Agronomique Paris - Grignon 1993
Subjects:
Tags: Add Tag
No Tags, Be the first to tag this record!
Institutions: Trung tâm Học liệu Trường Đại học Cần Thơ
LEADER 00446nam a2200157Ia 4500
001 CTU_28123
008 210402s9999 xx 000 0 und d
082 |a 630.724 
082 |b E56 
245 0 |a Eiseignemts de 1ére Annee 
260 |a Paris 
260 |b Institut National Agronomique Paris - Grignon 
260 |c 1993 
650 |a education - curricula 
904 |i Sáng, 981007 
980 |a Trung tâm Học liệu Trường Đại học Cần Thơ